Statistics for Words with silent letters

Click here to take the quiz!

General Stats

  • This quiz has been taken 513 times
    (492 since last reset)
  • The average score is 9 of 16

Answer Stats

HintAnswer% Correct
Door handleKnob
93%
One of the four seasonsAutumn
88%
Arms and legsLimbs
85%
Perfume for menCologne
81%
A row in the grocery storeAisle
74%
Referee's attention getterWhistle
66%
Cinderella's homeCastle
59%
WildebeestGnu
58%
To quit a jobResign
58%
British slang for underwearKnickers
55%
Common pulmonary infectionPneumonia
43%
One of 12 close followers of JesusApostle
42%
One of the seven deadly sinsWrath
41%
Ionic, Doric, or CorinthianColumn
40%
Oscar Mayer productBologna
32%
To fight for positionJostle
12%

Score Distribution

Percentile by Number Answered

Percent of People with Each Score

Your Score History

You have not taken this quiz since the last reset